Random Cities A-Z - Statistics

General Stats
  • This quiz has been taken 33 times
    13 since last reset
  • The average score is 14 of 26
Answer Stats
Letter Question Answer % Correct
A Capital City of the Netherlands Amsterdam
100%
K Former Capital of Japan, Now Located on the Island of Honshu Kyoto
92%
D State Capital City of Colorado, United States Denver
83%
T Capital City of Taiwan Taipei
83%
W City Where The Coronavirus (Covid/Covid-19) Started Wuhan
83%
L World-Famous City Home to Oxford Street (I won't give the country's name, that would be a dead giveaway) London
75%
P Capital City of North Korea Pyongyang
75%
Y Capital City of Cameroon Yaounde
75%
E City in Westernmost Texas El Paso
67%
R City With A Whole Country Enclosed Inside Of It Rome
67%
S Capital City of Dominican Republic Santo Domingo
67%
V There Are Cities With This Name In British Columbia and Washington State Vancouver
67%
B City in Southwest Region of England Bristol
58%
F City in Northeastern Morocco Fez
58%
J State Capital of Rajasthan, India Jaipur
58%
N Capital City of China's Jiangsu Province Nanjing
58%
C City in Andalusia region of Spain Córdoba
50%
I City in Central Iran ISfahan
42%
O City Located on the Irtysh River of Siberia Omsk
33%
Z City in Dnieper River in Southeast Ukraine Zaporizhzhia | Zaporizhia
33%
M City Just East of Phoenix, Arizona Mesa
25%
Q City Whose Former Name Was "Shalkot" (hint: located in the country of Pakistan) Quetta
25%
U City in Northern Hudson County, New Jersey Union
17%
X Capital City of The Mexican State Veracruz Xalapa
8%
G City in Upper Silesia, Poland Gliwice
0%
H Town in North Otago, New Zealand Hampden
0%
No matching quizzes found
Score Distribution
Percent of People with Each Score
Percentile by Number Answered
Your Score History
You have not taken this quiz since the last reset